Actors Who Starred in Multiple TV Show - Statistics

General Stats
  • This quiz has been taken 30 times
  • The average score is 11 of 16
Answer Stats
Shows Actor % Correct
Friends (1994-2004)The Morning Show (2019-Present) Jennifer Aniston
96%
Seinfeld (1990-1998)The New Adventures of Old Christine (2006-2010) Veep (2012-2019) Julia Louis-Dreyfus
93%
Malcolm in the Middle (2000-2006)Breaking Bad (2008-2013) Your Honor (2020-2023) Bryan Cranston
86%
The Bob Newhart Show (1972-1978)Newhart (1982-1990) Bob Newhart
82%
Family Ties (1982-1989)Spin City (1996-2001) Michael J. Fox
82%
The Mary Tyler Moore Show (1973-1977)The Golden Girls (1985-1992) Hot in Cleveland (2010-2015) Betty White
79%
Doogie Howser, M.D. (1989-1993)How I Met Your Mother (2005-2014) A Series of Unfortunate Events (2017-2019) Neil Patrick Harris
79%
Cheers (1982-1993)Becker (1998-2004) CSI: Crime Scene Investigation (2011-2015) Fargo (2015) CSI: Cyber (2015-2016) The Good Place (2016-2020) Ted Danson
79%
Cheers (1984-1993)Frasier (1993-2004) Kelsey Grammer
75%
Star Trek: The Original Series (1966-1969)T.J. Hooker (1982-1986) Boston Legal (2004-2008) William Shatner
75%
Friends (1994-2004)Web Therapy (2011-2015) Time Bandits (2024) Lisa Kudrow
68%
Friends (1994-2004)Cougar Town (2009-2015) Courtney Cox
64%
Bonanza (1959-1973)Little House on the Prairie (1974-1983) Highway to Heaven (1984-1989) Michael Landon
57%
The West Wing (1999-2006)Mom (2013-2021) Allison Janney
54%
Narcos (2015-2017)Star Wars: The Mandalorian (2019-2023) The Last of Us (2023-Present) Pedro Pascal
54%
Oz (1998-2003)Law and Order: Special Victims Unit (1999-2012) Happy! (2017-2019) Law and Order: Organized Crime (2021-Present) Christopher Meloni
21%
No matching quizzes found
Score Distribution
Percent of People with Each Score
Percentile by Number Answered
Your Score History
You have not taken this quiz